|
|
|
|
| LEADER |
00000nab a2200000 a 4500 |
| 001 |
vtls000824381 |
| 003 |
SK-MaSNL |
| 005 |
20260304215437.0 |
| 008 |
250429c2002 xo 0 slo |
| 015 |
|
|
|a SNBRB2003/02-04811
|
| 035 |
|
|
|a CLN000176036
|
| 035 |
|
|
|a urn:nbn:sk:snk-abpgd
|
| 035 |
|
|
|a (urnnbn)urn:nbn:sk:snk:ar-a059sg
|
| 035 |
|
|
|a (uuid)8b151670-c2ef-49f2-a256-02e48c2f770a
|
| 040 |
|
|
|a SNKBUCL
|b slo
|c SNKBUCL
|e AACR2
|
| 041 |
0 |
|
|a cze
|
| 044 |
|
|
|a xo
|c SK
|
| 080 |
|
|
|a 616.311-006.441
|2 1997
|
| 100 |
1 |
|
|a Stárek, Ivo,
|d 1951-
|4 aut
|9 120464
|
| 245 |
1 |
0 |
|a Poznámky k biologickým vlastnostem Warthinova tumoru
|c I. Stárek, J. Vomáčka, J. Hradil
|
| 246 |
1 |
1 |
|a Some remarks to the biologic properties of Warthin tumor
|
| 300 |
|
|
|b Obr.
|
| 504 |
|
|
|a Res. angl., čes.
|
| 504 |
|
|
|a Bibliogr. odkazy
|
| 650 |
0 |
7 |
|a nádory slinných žliaz
|x klasifikácia
|2 snkbucl
|9 1550244
|
| 650 |
0 |
7 |
|a adenolymfóm
|x diagnóza
|x patofyziológia
|2 snkbucl
|9 1550245
|
| 650 |
0 |
7 |
|a paralýza tvárová
|x komplikácie
|x diagnóza
|2 snkbucl
|9 1550246
|
| 650 |
0 |
7 |
|a cytológia
|2 snkbucl
|9 1714
|
| 650 |
0 |
7 |
|a Warthinov tumor
|2 snkbucl
|9 1550247
|
| 655 |
|
7 |
|a články z novín a časopisov
|2 snkbucl
|9 267496
|
| 700 |
1 |
|
|a Vomáčka, J.
|4 aut
|9 1119344
|
| 700 |
1 |
|
|a Hradil, J.
|4 aut
|9 765063
|
| 773 |
0 |
|
|t Choroby hlavy a krku
|g Roč. 11, č. 2 (2002), s. 5-8
|x 1210-0447
|
| 850 |
|
|
|a Slovenská národná knižnica
|
| 852 |
|
|
|a Slovenská národná knižnica
|
| 954 |
|
|
|a odborná, vedecká literatúra cudzojazyčná (svetová)
|2 lita
|
| 958 |
|
|
|a article27
|
| 958 |
|
|
|a MI
|
| 958 |
|
|
|a NB
|
| 958 |
|
|
|a OND
|
| 958 |
|
|
|a EUIPO
|
| 992 |
|
|
|a RBX
|
| 999 |
|
|
|c 3146213
|d 3148143
|